000 00406cam a22001457a 4500
008 180718b2006 xxu||||| |||| 00| 0 eng d
082 _aZ00x54 In2f/4
100 _aNational commission on farmers
245 _aServing farmers and saving farming
260 _aNew Delhi
_bMinistry of agriculture
_c2006
300 _a449p.
440 _a4th
650 _aAgriculture
700 _aChairman: M.S.Swaminathan
999 _c503678
_d503678